=LDR 00000nam 2200000 4500 =001 INLIS000000000000180 =005 20150225142058.0 =006 =007 =008 Ind =035 ##$$0010-061300000000180 =041 ##$$a Ind =082 ##$$a 92(Johan) =090 ##$$a 92(Johan) Bah =245 ##$$a Bahder Djohan : pengabdi kemanusiaan =260 ##$$a Jakarta $b Gunung Mulia $c 1980 =300 ##$$a xiv, 418 hlm. : ilus. ; 21 cm =650 ##$$a Johan, Bahder, 1902 =850 ##$$a NBPNMAT